00335pab a2200133 454500008004000000100001700040245004600057260000900103300001300112362000800125650003000133650002200163773001600185180718b2004 xxu||||| |||| 00| 0 eng d aKhan, D.G.A. aSocial mobilization and rural empowerment c2004 ap.45-46. aSep aRural development - India aRural development aKurukshetra